00418nam a2200157Ia 4500008004000000020001800040082001300058100002200071245005300093260003500146300001400181650001100195650002800206650001800234650000800252210210b1992 xxu||||| |||| 00| 0 eng d a0 697 07628 8 a576 BIRM aBIRGE (Edward A). aModern microbiology:Principles and applications. aU S A.bWCB Publishers.,c1992 axviii,476 aModern amicrobiology:Principles aapplications. aand